Casas escasas : el art nouveau en la Ciudad de México /

Kaydedildi:
Detaylı Bibliyografya
Yazar: Aragón Rangel, María Eugenia (autor)
Materyal Türü: Kitap
Dil:İspanyolca
Baskı/Yayın Bilgisi: México : INAH, 2011, c2011
Seri Bilgileri:(Obra Diversa)
Konular:
Etiketler: Etiketle
Etiket eklenmemiş, İlk siz ekleyin!

MARC

LEADER 00000nam^a2200000^a^4500
001 000318390
005 20250521000000.0
009 20260310113411.035
020 |a 978-607-484-171-8 
037 |a Acervo ITESO - Biblioteca 
041 |a ESP 
082 |a 720. 972532  |b ARA 
100 |a Aragón Rangel, María Eugenia  |e (autor) 
245 1 0 |a Casas escasas :  |b el art nouveau en la Ciudad de México /  |c M.E. Aragón Rangel. 
264 4 |a México :  |b INAH,  |c 2011, c2011 
300 |a 235 p. 
336 |a texto  |b txt  |2 rdacontenido 
337 |a sin mediación  |b n  |2 rdamedio 
338 |a volumen  |b nc  |2 rdasoporte 
440 1 |a (Obra Diversa) 
649 |a XX 
650 |a Residencias -  |z México (Ciudad) -  |x Tema Principal 
650 |a Arquitectura Porfiriana -  |z México (Ciudad) -  |x Historia y Crítica 
650 |a Arquitectura Moderna -  |z México (Ciudad) -  |x Historia y Crítica 
650 |a Arquitectura Mexicana -  |x Historia y Crítica 
650 |a Art Nouveau -  |z México (Ciudad) -  |x Historia y Crítica -  |x Tema Principal 
650 |a Arte Moderno -  |z México (Ciudad) -  |x Historia y Crítica 
650 |a Arte Mexicano -  |x Historia y Crítica 
910 |a Fondo General 
920 |a Impresos - Libros 
930 |a Colección General 
905 |a 101 
901 |a 0500205483  |b IT1  |c ACC  |u 20250521 
902 |a https://opac.biblio.iteso.mx/vufind/Record/000318390